[Event "The Fourth Jerusalem Open"]
[Site "SchemingMind.com"]
[Date "2009.12.09"]
[Round "-"]
[White "tyler_ensor"]
[Black "reptile"]
[Result "0-1"]
[WhiteCountry "CAN"]
[BlackCountry "ISR"]
[WhiteElo "1815"]
[WhiteRD "61"]
[BlackElo "2004"]
[BlackRD "76"]
[GameID "230200"]

1. d4 Nf6 2. c4 e6 3. Nc3 Bb4 4. e3 O-O 5. Bd3 c5 6. Nf3 d5 7. O-O Nc6 8. a3 Bxc3 9. bxc3 dxc4 10. Bxc4 Qc7
11. Ba2 Rd8 12. Qc2 Ne7 13. Qe2 Ne4 14. Nd2 Qc6 15. Nxe4 Qxe4 16. Bb1 Qc6 17. Rd1 b6 18. f3 Bb7 19. e4 Rd7 20. dxc5 Rxd1+
21. Qxd1 Qxc5+ 22. Qd4 Qc7 23. Qb4 Nc6 24. Qc4 Qd6 25. Ra2= Qd1+ 26. Qf1 Qb3 27. Rd2 Qxb1 28. Qd1 Qb5 29. Rd7 Ba6 30. Bf4 h6
31. Bg3 Qc5+
0-1

[Event "The Fourth Jerusalem Open"]
[Site "SchemingMind.com"]
[Date "2009.12.09"]
[Round "-"]
[White "reptile"]
[Black "tyler_ensor"]
[Result "1/2-1/2"]
[WhiteCountry "ISR"]
[BlackCountry "CAN"]
[WhiteElo "2024"]
[WhiteRD "84"]
[BlackElo "1793"]
[BlackRD "66"]
[GameID "230201"]

1. d4 Nf6 2. c4 e6 3. Nc3 d5 4. Bg5 Nbd7 5. e3 Be7 6. Nf3 O-O 7. Rc1 c6 8. Bd3 dxc4 9. Bxc4 b5 10. Bd3 Bb7
11. O-O a6 12. a3 c5 13. dxc5 Nxc5 14. Bc2 Nd5 15. Bxe7 Qxe7 16. Bxh7+ Kxh7 17. Qc2+ g6 18. Nxd5 Bxd5 19. Qxc5 Qf6 20. e4 Bc4
21. e5 Qf4 22. Rcd1 Bxf1 23. Kxf1 Rfd8 24. Rc1 Rd5 25. Qe3 Qxe3 26. fxe3 Rad8 27. Ke2 Kg7 28. h4 Rd3 29. Nd4 R3xd4 30. exd4 Rxd4
31. g3 Re4+ 32. Kf2 Rxe5 33. b4 Rd5 34. Rc6 e5 35. Rxa6 e4 36. Ra7 Kf8 37. g4 Rd4= 38. Ke3 Rc4 39. Ra5 f5 40. Rxb5 Rc3+
41. Kf4 fxg4 42. Kxg4 Rxa3 43. Kf4 e3 44. Kf3 Rb3 45. Rb7 e2+ 46. Kxe2 Rh3 47. Kd2 Rxh4 48. b5 g5 49. Kc3=
1/2-1/2

[Event "The Fourth Jerusalem Open"]
[Site "SchemingMind.com"]
[Date "2009.12.10"]
[Round "-"]
[White "Frenchy"]
[Black "reptile"]
[Result "0-1"]
[WhiteCountry "CAN"]
[BlackCountry "ISR"]
[WhiteElo "1594"]
[WhiteRD "59"]
[BlackElo "1997"]
[BlackRD "75"]
[GameID "230385"]

1. e4 e5 2. Nf3 Nc6 3. d4 exd4 4. Nxd4 Bc5 5. Be3 Qf6 6. c3 Nge7 7. g3 O-O 8. Bg2 d6 9. O-O Bd7 10. Nxc6 Bxc6
11. Bxc5 dxc5 12. Na3 b5 13. Qf3 Qxf3 14. Bxf3 Ng6 15. Rad1 Rfd8 16. Nc2 f5
0-1

[Event "The Fourth Jerusalem Open"]
[Site "SchemingMind.com"]
[Date "2009.12.10"]
[Round "-"]
[White "Frenchy"]
[Black "tyler_ensor"]
[Result "1-0"]
[WhiteCountry "CAN"]
[BlackCountry "CAN"]
[WhiteElo "1923"]
[WhiteRD "112"]
[BlackElo "1812"]
[BlackRD "66"]
[GameID "230386"]

1. e4 e6 2. d4 d5 3. Nc3 Nf6 4. Bg5 Be7 5. e5 Nfd7 6. Bxe7 Qxe7 7. f4 a6 8. Nf3 c5 9. dxc5 Nc6 10. Bd3 Nxc5
11. O-O O-O 12. Bxh7+ Kxh7 13. Ng5+ Kh6 14. Qg4
1-0

[Event "The Fourth Jerusalem Open"]
[Site "SchemingMind.com"]
[Date "2009.12.10"]
[Round "-"]
[White "reptile"]
[Black "Frenchy"]
[Result "1-0"]
[WhiteCountry "ISR"]
[BlackCountry "CAN"]
[WhiteElo "1997"]
[WhiteRD "75"]
[BlackElo "1594"]
[BlackRD "59"]
[GameID "230387"]

1. d4 Nf6 2. c4 g6 3. Nc3 d5 4. Nf3 Bg7 5. Qb3 dxc4 6. Qxc4 O-O 7. e4 Na6 8. Be2 c5 9. d5 e6 10. O-O exd5
11. Nxd5 Nxd5 12. exd5 Re8 13. Bf4 Bxb2 14. Rae1 Nb4 15. Qxc5 Nxd5 16. Bg5 f6 17. Bh6
1-0

[Event "The Fourth Jerusalem Open"]
[Site "SchemingMind.com"]
[Date "2009.12.10"]
[Round "-"]
[White "tyler_ensor"]
[Black "Frenchy"]
[Result "1-0"]
[WhiteCountry "CAN"]
[BlackCountry "CAN"]
[WhiteElo "1782"]
[WhiteRD "63"]
[BlackElo "1594"]
[BlackRD "59"]
[GameID "230388"]

1. c4 e5 2. Nc3 Nf6 3. Nf3 Nc6 4. d4 exd4 5. Nxd4 Bb4 6. Bg5 h6 7. Bh4 Bxc3+ 8. bxc3 Ne5 9. f4 Ng6 10. Bxf6 Qxf6
11. g3 O-O 12. Bg2 c5 13. Nb5 a6 14. Nd6 Qxc3+ 15. Kf1 Rb8 16. Rb1 b5 17. cxb5= axb5 18. Nxb5
1-0

[Event "The Fourth Jerusalem Open"]
[Site "SchemingMind.com"]
[Date "2009.12.11"]
[Round "-"]
[White "zolex88"]
[Black "reptile"]
[Result "1-0"]
[WhiteCountry "HUN"]
[BlackCountry "ISR"]
[WhiteElo "2068"]
[WhiteRD "78"]
[BlackElo "1997"]
[BlackRD "75"]
[GameID "230509"]

1. d4 Nf6 2. c4 g6 3. Nc3 Bg7 4. e4 d6 5. Be2 O-O 6. Bg5 Na6 7. Nf3 h6 8. Be3 c5 9. O-O cxd4 10. Bxd4 Nc5
11. e5 Nfe4 12. exd6 Qxd6 13. Nb5 Qd8 14. Bxg7 Kxg7 15. b4 Nd7 16. Nxa7 Ndf6 17. Nxc8 Qxc8 18. Bd3 Rd8 19. Qc2 Ng5 20. Nxg5 hxg5
21. Rfe1 Qc7 22. Qc3 Rh8 23. g3 Qd7 24. Be4 Ra7 25. Bg2 g4 26. a4 Raa8 27. c5 Rad8 28. a5 Rh5 29. c6 bxc6 30. Bxc6 Qc7
31. a6 Rd6 32. Rec1 Qa7 33. b5 Rh8 34. Qe3
1-0

[Event "The Fourth Jerusalem Open"]
[Site "SchemingMind.com"]
[Date "2009.12.10"]
[Round "-"]
[White "zolex88"]
[Black "tyler_ensor"]
[Result "1-0"]
[WhiteCountry "HUN"]
[BlackCountry "CAN"]
[WhiteElo "2068"]
[WhiteRD "78"]
[BlackElo "1782"]
[BlackRD "63"]
[GameID "230510"]

1. e4 c6 2. d4 d6 3. Nc3 Qc7 4. Nf3 e5 5. Be2 Nf6 6. O-O Be7 7. Bg5 O-O 8. Qd3 Bg4 9. Rfd1 Nbd7 10. Kh1 b5
11. h3 Bh5 12. a3 a5 13. d5 Nc5 14. Qe3 b4 15. axb4 axb4 16. Na2 cxd5 17. Bxf6 gxf6 18. Rxd5 Qb6 19. Nd2 Bxe2 20. Qxe2 b3
21. Nxb3 Nxb3 22. cxb3 Qxb3 23. Rd3 Qe6 24. b4 Kh8 25. Rg3 Rg8 26. Rxg8+ Kxg8= 27. b5 Bd8 28. Qb2 f5 29. exf5 Qxf5 30. b6 Bf6
31. b7 Rb8 32. Nc3 Qd7 33. Ra8 Qd8 34. Qa2
1-0

[Event "The Fourth Jerusalem Open"]
[Site "SchemingMind.com"]
[Date "2009.12.10"]
[Round "-"]
[White "zolex88"]
[Black "Frenchy"]
[Result "1-0"]
[WhiteCountry "HUN"]
[BlackCountry "CAN"]
[WhiteElo "2070"]
[WhiteRD "84"]
[BlackElo "1584"]
[BlackRD "66"]
[GameID "230511"]

1. e4 c5 2. Nf3 Nc6 3. d4 cxd4 4. Nxd4 Nf6 5. Nc3 d6 6. Bg5 e6 7. Qd2 Be7 8. O-O-O O-O 9. f4 Nxd4 10. Qxd4 Qa5
11. Bc4 Bd7 12. e5 dxe5 13. fxe5 Bc6 14. Bd2 Nd7 15. Nd5 Qd8 16. Nxe7+ Qxe7 17. Rhe1 Rfd8 18. Qg4 Nf8 19. Bd3 Rd5 20. Bb4 Qd8
21. Bd6 Ng6 22. Qg3 Qh4 23. Qxh4 Nxh4 24. g3 Nf3 25. Re2 Nd4 26. Rf2 Nb5 27. c4 Rxd6 28. exd6 Nxd6 29. Bxh7+ Kxh7 30. Rxd6 Kg8
31. Kc2 Kf8 32. Rxe6 Rd8 33. Re1 f6 34. Rfe2 Kf7 35. Re7+ Kf8 36. Kc3 Rd7 37. Rxd7 Bxd7 38. Kd4 Kf7 39. Kd5 Bc6+ 40. Kd6 g5
41. Re7+ Kg6 42. b4
1-0

[Event "The Fourth Jerusalem Open"]
[Site "SchemingMind.com"]
[Date "2009.12.11"]
[Round "-"]
[White "reptile"]
[Black "zolex88"]
[Result "1-0"]
[WhiteCountry "ISR"]
[BlackCountry "HUN"]
[WhiteElo "1997"]
[WhiteRD "75"]
[BlackElo "2068"]
[BlackRD "78"]
[GameID "230512"]

1. d4 Nf6 2. c4 g6 3. Nc3 d5 4. Bf4 Bg7 5. e3 O-O 6. cxd5 Nxd5 7. Nxd5 Qxd5 8. Bxc7 Na6 9. Bxa6 Qxg2 10. Qf3 Qxf3
11. Nxf3 bxa6 12. O-O Bg4 13. Kg2 Rfc8 14. Rac1 h5 15. Ba5 Bf5 16. Rc5 Rxc5 17. dxc5 Bxb2 18. c6 Rb8 19. c7 Rb5 20. e4 Bg4
21. Bd2 Rc5 22. Rb1 Rc2= 23. Ba5 Re2 24. h3 Be6 25. Ng5 Bc8 26. Rd1 Kg7 27. Rd8
1-0

[Event "The Fourth Jerusalem Open"]
[Site "SchemingMind.com"]
[Date "2009.12.11"]
[Round "-"]
[White "tyler_ensor"]
[Black "zolex88"]
[Result "0-1"]
[WhiteCountry "CAN"]
[BlackCountry "HUN"]
[WhiteElo "1759"]
[WhiteRD "65"]
[BlackElo "2031"]
[BlackRD "82"]
[GameID "230513"]

1. c4 e5 2. Nc3 Nf6 3. Nf3 Nc6 4. d4 exd4 5. Nxd4 Bb4 6. Bg5 h6 7. Bh4 Bxc3+ 8. bxc3 Ne5 9. f4 Ng6 10. Bxf6 Qxf6
11. g3 Nf8 12. Bg2 Ne6 13. O-O O-O 14. e4 d6 15. Rb1 Nc5 16. Qf3 Be6 17. e5 dxe5 18. Nxe6 Qxe6 19. fxe5 Qxe5 20. Rbe1 Qd6
21. Rd1 Qa6 22. Qd5 Ne6 23. Qxb7 Qxc4 24. Bd5 Qxc3 25. Rc1 Qe3+ 26. Kh1 Rab8 27. Qa6 Rb2 28. Bxe6 Qe4+
0-1

[Event "The Fourth Jerusalem Open"]
[Site "SchemingMind.com"]
[Date "2009.12.11"]
[Round "-"]
[White "Frenchy"]
[Black "zolex88"]
[Result "0-1"]
[WhiteCountry "CAN"]
[BlackCountry "HUN"]
[WhiteElo "1594"]
[WhiteRD "59"]
[BlackElo "2068"]
[BlackRD "78"]
[GameID "230514"]

1. e4 e6 2. d4 d5 3. Nc3 Nf6 4. Bg5 Be7 5. e5 Nfd7 6. Bxe7 Qxe7 7. f4 O-O 8. Nf3 c5 9. Qd2 Nc6 10. O-O-O Nb6
11. Qe3 cxd4 12. Nxd4 Bd7 13. Kb1 Nxd4 14. Rxd4 Qc5 15. Qd2 Qa5 16. Bd3 Rfc8 17. g4 Rc7 18. Ne4 Qxd2 19. Nxd2 a5 20. g5 Nc8
21. c3 Ne7 22. Bc2 a4 23. a3 Bb5 24. Bd3 Bxd3+ 25. Rxd3 Ng6 26. Rf1 Rc5 27. Rd4 Rcc8 28. Rb4 Rc7 29. Kc2 Ne7 30. Kb1 Nc6
31. Rb6 Rb8 32. Nf3 Na5 33. Nd2 Rc6 34. Rb4 Ra6
0-1

[Event "The Fourth Jerusalem Open"]
[Site "SchemingMind.com"]
[Date "2009.12.12"]
[Round "-"]
[White "Freidenker"]
[Black "reptile"]
[Result "0-1"]
[WhiteCountry "INT"]
[BlackCountry "ISR"]
[WhiteElo "1682"]
[WhiteRD "102"]
[BlackElo "1997"]
[BlackRD "75"]
[GameID "230764"]

1. c4 Nf6 2. g3 e5 3. Bg2 d5 4. cxd5 Nxd5 5. Nc3 Nb6 6. d3 Be7 7. Nf3 Nc6 8. O-O O-O 9. Be3 Bd7 10. a3 Rb8
11. b4 Bg4 12. Qc2 Bf6 13. Ne4 Nd5
0-1

[Event "The Fourth Jerusalem Open"]
[Site "SchemingMind.com"]
[Date "2009.12.12"]
[Round "-"]
[White "Freidenker"]
[Black "tyler_ensor"]
[Result "0-1"]
[WhiteCountry "INT"]
[BlackCountry "CAN"]
[WhiteElo "1614"]
[WhiteRD "93"]
[BlackElo "1815"]
[BlackRD "61"]
[GameID "230765"]

1. c4 Nf6 2. g3 g6 3. Bg2 Bg7 4. Nc3 O-O 5. d3 c5 6. Nf3 Nc6 7. O-O d6 8. Bd2 Rb8 9. Qc1 Re8 10. Rb1 a6
11. Bh6 Bh8 12. b3 Qc7 13. a3 e6 14. e4 Ng4 15. Bd2 Nge5 16. Nxe5 Nxe5 17. Qc2 Bd7
0-1

[Event "The Fourth Jerusalem Open"]
[Site "SchemingMind.com"]
[Date "2009.12.13"]
[Round "-"]
[White "Freidenker"]
[Black "zolex88"]
[Result "0-1"]
[WhiteCountry "INT"]
[BlackCountry "HUN"]
[WhiteElo "1682"]
[WhiteRD "102"]
[BlackElo "2068"]
[BlackRD "78"]
[GameID "230766"]

1. c4 e5 2. g3 Nf6 3. Bg2 d5 4. cxd5 Nxd5 5. Nc3 Nb6 6. d3 Be7 7. Nf3 Nc6 8. O-O O-O 9. a3 Be6 10. b4 a5
11. bxa5 Rxa5 12. Bb2 Qd7 13. Qc2 Rfa8 14. Rfd1 Bxa3 15. Bxa3 Rxa3
0-1

[Event "The Fourth Jerusalem Open"]
[Site "SchemingMind.com"]
[Date "2009.12.12"]
[Round "-"]
[White "reptile"]
[Black "Freidenker"]
[Result "1-0"]
[WhiteCountry "ISR"]
[BlackCountry "INT"]
[WhiteElo "2004"]
[WhiteRD "76"]
[BlackElo "1614"]
[BlackRD "93"]
[GameID "230768"]

1. d4 e6 2. c4 f5 3. g3 d5 4. cxd5 exd5 5. Nf3 c6 6. Bg2 Bd6 7. Nc3 Nd7 8. O-O Ngf6 9. Bg5 O-O 10. Qc2 Nb6
11. Na4 Nxa4 12. Qxa4 Qc7 13. Bxf6 Rxf6 14. b4 Bd7 15. Rac1 Rff8 16. Qb3 f4 17. b5 fxg3 18. hxg3 Rab8 19. a4 Rfe8 20. Qc2 Rf8
21. Ng5
1-0

[Event "The Fourth Jerusalem Open"]
[Site "SchemingMind.com"]
[Date "2009.12.12"]
[Round "-"]
[White "tyler_ensor"]
[Black "Freidenker"]
[Result "1-0"]
[WhiteCountry "CAN"]
[BlackCountry "INT"]
[WhiteElo "1815"]
[WhiteRD "61"]
[BlackElo "1614"]
[BlackRD "93"]
[GameID "230769"]

1. d4 e6 2. c4 f5 3. g3 Nf6 4. Bg2 d5 5. Nh3 c6 6. O-O Bd6 7. Bf4 Be7 8. Nd2 Qb6 9. cxd5 exd5 10. Nb3 O-O
11. Qc2 Ne4 12. Rfd1 Nd7 13. f3 Nd6 14. Nf2 Qd8 15. e4 fxe4 16. fxe4 Nb6 17. Nd2 dxe4 18. Ndxe4 Nd5 19. Nxd6
1-0

[Event "The Fourth Jerusalem Open"]
[Site "SchemingMind.com"]
[Date "2009.12.13"]
[Round "-"]
[White "zolex88"]
[Black "Freidenker"]
[Result "1-0"]
[WhiteCountry "HUN"]
[BlackCountry "INT"]
[WhiteElo "2068"]
[WhiteRD "78"]
[BlackElo "1682"]
[BlackRD "102"]
[GameID "230770"]

1. e4 c6 2. d4 d5 3. e5 c5 4. dxc5 e6 5. Be3 Nd7 6. Bb5 Qc7 7. Nf3 Bxc5 8. Bxc5 Qxc5 9. Nc3 Ne7 10. O-O a6
11. Bd3 Nc6 12. Re1 O-O 13. a3 b5 14. Qd2 f6 15. exf6 Nxf6 16. Qg5 Bd7 17. Qg3 Rfe8 18. Re2 d4 19. Ne4
1-0

[Event "The Fourth Jerusalem Open"]
[Site "SchemingMind.com"]
[Date "2009.12.14"]
[Round "-"]
[White "Geomy"]
[Black "reptile"]
[Result "1/2-1/2"]
[WhiteCountry "ENG"]
[BlackCountry "ISR"]
[WhiteElo "1843"]
[WhiteRD "98"]
[BlackElo "1886"]
[BlackRD "85"]
[GameID "230825"]

1. d4 Nf6 2. c4 e6 3. Nf3 Bb4+ 4. Bd2 Bxd2+ 5. Qxd2 d5 6. e3 O-O 7. Bd3 Nbd7 8. Nc3 c6 9. O-O Re8 10. cxd5 exd5
11. b4 Ne4 12. Qc2 Ndf6 13. Nd2 Bf5 14. Rfe1=
1/2-1/2

[Event "The Fourth Jerusalem Open"]
[Site "SchemingMind.com"]
[Date "2009.12.13"]
[Round "-"]
[White "Geomy"]
[Black "Freidenker"]
[Result "1/2-1/2"]
[WhiteCountry "ENG"]
[BlackCountry "INT"]
[WhiteElo "1799"]
[WhiteRD "97"]
[BlackElo "1682"]
[BlackRD "102"]
[GameID "230826"]

1. d4 e6 2. c4 f5 3. Nc3 Bb4 4. Qc2 b6 5. a3 Bxc3+ 6. Qxc3 Bb7 7. Nf3 Nf6 8. e3 O-O 9. Be2 d5 10. O-O Nbd7
11. b4 c6 12. Bb2 Ne4 13. Qc2 Qe7 14. c5 b5 15. Nd2 Ndf6 16. Nb3 a6 17. Na5=
1/2-1/2

[Event "The Fourth Jerusalem Open"]
[Site "SchemingMind.com"]
[Date "2009.12.14"]
[Round "-"]
[White "Geomy"]
[Black "tyler_ensor"]
[Result "1/2-1/2"]
[WhiteCountry "ENG"]
[BlackCountry "CAN"]
[WhiteElo "1799"]
[WhiteRD "97"]
[BlackElo "1782"]
[BlackRD "63"]
[GameID "230827"]

1. d4 Nf6 2. c4 e6 3. Nf3 d5 4. Nc3 Nbd7 5. cxd5 exd5 6. Bg5 Be7 7. e3 c6 8. Bd3 O-O 9. O-O Re8 10. Rc1 Ne4
11. Bxe7 Qxe7 12. a3 Nf8 13. h3 f6 14. Nd2 Nd6 15. Qc2 a5 16. Na4 Be6 17. Nc5 Bf7 18. a4 Bg6 19. Qb3 Bxd3 20. Qxd3 Ne6
21. Qb3 Nxc5 22. Rxc5 Kh8=
1/2-1/2

[Event "The Fourth Jerusalem Open"]
[Site "SchemingMind.com"]
[Date "2009.12.13"]
[Round "-"]
[White "Geomy"]
[Black "zolex88"]
[Result "0-1"]
[WhiteCountry "ENG"]
[BlackCountry "HUN"]
[WhiteElo "1809"]
[WhiteRD "97"]
[BlackElo "2031"]
[BlackRD "82"]
[GameID "230828"]

1. d4 d5 2. c4 c6 3. Nf3 Nf6 4. Nc3 dxc4 5. e3 b5 6. a4 b4 7. Na2 e6 8. Bxc4 Bb7 9. O-O Nbd7 10. Bd2 a5
11. Nc1 Bd6 12. Nd3 O-O 13. h3 c5 14. dxc5 Nxc5 15. Bc1 Qc7 16. Qe2 Nxa4 17. Bxe6 Nxb2 18. Bxf7+ Qxf7 19. Bxb2 Qh5 20. Nd4 Qg6
21. f3 Qg3 22. f4 Be4 23. Rfd1 Nd5
0-1

[Event "The Fourth Jerusalem Open"]
[Site "SchemingMind.com"]
[Date "2009.12.13"]
[Round "-"]
[White "Geomy"]
[Black "Frenchy"]
[Result "1-0"]
[WhiteCountry "ENG"]
[BlackCountry "CAN"]
[WhiteElo "1824"]
[WhiteRD "93"]
[BlackElo "1584"]
[BlackRD "66"]
[GameID "230829"]

1. d4 Nf6 2. c4 g6 3. Nc3 d5 4. cxd5 Nxd5 5. e4 Nxc3 6. bxc3 Bg7 7. Bc4 O-O 8. Ne2 c5 9. Be3 Nc6 10. O-O Qc7
11. Rc1 Rd8 12. f4 Bg4 13. f5 cxd4 14. cxd4 Qb6 15. Rb1 Bxd4 16. Bxd4 Bxe2 17. Bxb6 Rxd1 18. Rbxd1 Bxd1 19. Rxd1 axb6 20. Rd7 Rb8
21. Bd5 Kf8 22. Rc7
1-0

[Event "The Fourth Jerusalem Open"]
[Site "SchemingMind.com"]
[Date "2009.12.14"]
[Round "-"]
[White "reptile"]
[Black "Geomy"]
[Result "1-0"]
[WhiteCountry "ISR"]
[BlackCountry "ENG"]
[WhiteElo "2004"]
[WhiteRD "76"]
[BlackElo "1824"]
[BlackRD "93"]
[GameID "230830"]

1. d4 Nf6 2. c4 e6 3. Nc3 d5 4. Nf3 c6 5. e3 Nbd7 6. Bd3 dxc4 7. Bxc4 Be7 8. O-O O-O 9. Rb1 c5 10. Qe2 a6
11. a4 Qc7 12. dxc5 Nxc5 13. b4 Nce4 14. Nxe4 Nxe4 15. Bd2 Bf6 16. Rbc1 Qe7 17. Rfd1 Rd8 18. Be1 Bd7 19. Bd3 Bc6 20. Rxc6 bxc6
21. Bxe4 Qb7 22. Rxd8+ Rxd8 23. Qc2 h6 24. Qxc6 Qxc6 25. Bxc6 Rd1 26. Kf1 Rb1 27. b5 axb5 28. axb5 Bd8 29. Ke2 f6 30. Nd4 Kf7
31. h4 g6 32. Bc3 e5 33. Nf3 g5 34. g4 Bc7 35. h5 Ke6 36. Ne1 f5 37. f3 Bb6 38. gxf5+ Kxf5 39. Be4+
1-0

[Event "The Fourth Jerusalem Open"]
[Site "SchemingMind.com"]
[Date "2009.12.13"]
[Round "-"]
[White "Freidenker"]
[Black "Geomy"]
[Result "0-1"]
[WhiteCountry "INT"]
[BlackCountry "ENG"]
[WhiteElo "1614"]
[WhiteRD "93"]
[BlackElo "1824"]
[BlackRD "93"]
[GameID "230831"]

1. c4 Nf6 2. g3 g6 3. Bg2 Bg7 4. Nc3 c6 5. Nf3 O-O 6. O-O d6 7. d4 Nbd7 8. e4 c5 9. d5 Ne8 10. Rb1 Nc7
11. Bd2 Ne5 12. Nxe5 Bxe5 13. f4 Bd4+ 14. Kh1 f5
0-1

[Event "The Fourth Jerusalem Open"]
[Site "SchemingMind.com"]
[Date "2009.12.14"]
[Round "-"]
[White "tyler_ensor"]
[Black "Geomy"]
[Result "1/2-1/2"]
[WhiteCountry "CAN"]
[BlackCountry "ENG"]
[WhiteElo "1812"]
[WhiteRD "66"]
[BlackElo "1857"]
[BlackRD "99"]
[GameID "230832"]

1. d4 Nf6 2. c4 e6 3. Nc3 d5 4. Bg5 Nbd7 5. e3 c6 6. cxd5 cxd5 7. Nf3 Qa5 8. Bd3 Be7 9. O-O O-O 10. Qc2 h6
11. Bh4 a6 12. Rfc1 Re8 13. Nd2 Nf8 14. Nb3 Qd8 15. f3 Bd7 16. Re1 Bc6 17. Rac1=
1/2-1/2

[Event "The Fourth Jerusalem Open"]
[Site "SchemingMind.com"]
[Date "2009.12.13"]
[Round "-"]
[White "zolex88"]
[Black "Geomy"]
[Result "1-0"]
[WhiteCountry "HUN"]
[BlackCountry "ENG"]
[WhiteElo "2002"]
[WhiteRD "80"]
[BlackElo "1843"]
[BlackRD "98"]
[GameID "230833"]

1. e4 d5 2. exd5 Qxd5 3. Nc3 Qa5 4. d4 Nf6 5. Nf3 c6 6. Bc4 Bf5 7. Bd2 Qc7 8. Ne5 e6 9. g4 Bg6 10. Bf4 Bd6
11. O-O Nbd7 12. Re1 a6 13. Bxe6 O-O-O 14. Bxd7+ Nxd7 15. Qf3 f6 16. Nxg6 hxg6 17. Bg3 Nb6 18. Rad1 Bxg3 19. Qxg3 Qf7 20. Ne4 Qd5
21. b3
1-0

[Event "The Fourth Jerusalem Open"]
[Site "SchemingMind.com"]
[Date "2009.12.13"]
[Round "-"]
[White "Frenchy"]
[Black "Geomy"]
[Result "0-1"]
[WhiteCountry "CAN"]
[BlackCountry "ENG"]
[WhiteElo "1584"]
[WhiteRD "66"]
[BlackElo "1824"]
[BlackRD "93"]
[GameID "230834"]

1. e4 d5 2. exd5 Qxd5 3. Nc3 Qa5 4. d4 Nf6 5. Nf3 c6 6. Bc4 Bf5 7. Ne5 e6 8. g4 Bg6 9. h4 Be4 10. Rh3 Bd5
11. Bd2 Bxc4 12. Nxc4 Qc7 13. Qe2 Nbd7 14. O-O-O O-O-O 15. Ne5 Nxe5 16. dxe5 Nd5 17. f4 Bc5
0-1

[Event "The Fourth Jerusalem Open"]
[Site "SchemingMind.com"]
[Date "2009.12.14"]
[Round "-"]
[White "An old friend"]
[Black "Geomy"]
[Result "1/2-1/2"]
[WhiteCountry "ENG"]
[BlackCountry "ENG"]
[WhiteElo "1896"]
[WhiteRD "85"]
[BlackElo "1821"]
[BlackRD "90"]
[GameID "230887"]

1. e4 d5 2. exd5 Qxd5 3. Nc3 Qa5 4. d4 Nf6 5. Nf3 c6 6. Bd2 Qd8 7. Bc4 Bf5 8. Bb3 e6 9. Qe2 Be7 10. O-O O-O
11. h3 Nbd7 12. Rad1 Qc7 13. Nh4 Bg6 14. Nxg6 hxg6 15. Bg5 Rfe8 16. Rfe1 Qa5 17. Bh4 Bb4 18. Rd3 Nd5 19. Nxd5 cxd5 20. c3 Bd6
21. Bg3 Qc7 22. Bxd6 Qxd6 23. Re3 Nf6 24. Bc2 Rac8 25. Bd3 a6 26. g3 Red8= 27. Kg2 Rc6 28. a4 Rdc8 29. Rf3 Qd8 30. Qd2=
1/2-1/2

[Event "The Fourth Jerusalem Open"]
[Site "SchemingMind.com"]
[Date "2009.12.14"]
[Round "-"]
[White "An old friend"]
[Black "reptile"]
[Result "0-1"]
[WhiteCountry "ENG"]
[BlackCountry "ISR"]
[WhiteElo "1913"]
[WhiteRD "78"]
[BlackElo "1997"]
[BlackRD "75"]
[GameID "230888"]

1. e4 e5 2. f4 exf4 3. Nf3 g5 4. h4 g4 5. Ne5 Nf6 6. Bc4 d5 7. exd5 Bd6 8. d4 Nh5 9. O-O Qxh4 10. Qe1 Qxe1
11. Rxe1 O-O 12. Nc3 Bf5 13. Bd3 Bxe5 14. Rxe5 Bg6 15. Rg5 Nd7 16. Rxg4 Ndf6 17. Bxg6 fxg6 18. Rxf4 Nxf4 19. Bxf4 Rf7 20. d6 cxd6
21. Bxd6 Rc8 22. Be5 Ng4 23. Re1 Re8 24. Ne4 Nxe5 25. dxe5 Rf5
0-1

[Event "The Fourth Jerusalem Open"]
[Site "SchemingMind.com"]
[Date "2009.12.14"]
[Round "-"]
[White "An old friend"]
[Black "Freidenker"]
[Result "1-0"]
[WhiteCountry "ENG"]
[BlackCountry "INT"]
[WhiteElo "1913"]
[WhiteRD "78"]
[BlackElo "1682"]
[BlackRD "102"]
[GameID "230889"]

1. e4 e6 2. d3 d5 3. Nd2 Nf6 4. Ngf3 b6 5. c3 Ba6 6. Be2 Be7 7. O-O dxe4 8. dxe4 Bxe2 9. Qxe2 O-O 10. e5 Nfd7
11. Ne4 c5 12. Bg5 Bxg5 13. Nexg5 h6 14. Qe4
1-0

[Event "The Fourth Jerusalem Open"]
[Site "SchemingMind.com"]
[Date "2009.12.14"]
[Round "-"]
[White "An old friend"]
[Black "tyler_ensor"]
[Result "1-0"]
[WhiteCountry "ENG"]
[BlackCountry "CAN"]
[WhiteElo "1924"]
[WhiteRD "83"]
[BlackElo "1815"]
[BlackRD "61"]
[GameID "230890"]

1. e4 g6 2. d4 d6 3. Nc3 Bg7 4. Be3 a6 5. Qd2 Nf6 6. Bh6 O-O 7. O-O-O b5 8. f3 Nbd7 9. h4 c5 10. dxc5 Nxc5
11. h5 Nxh5 12. Bxg7 Kxg7 13. g4 b4 14. Nce2 Nxe4 15. fxe4 Bxg4 16. Bh3 Bxh3 17. Rxh3 a5 18. Nf3 a4 19. Rdh1 b3 20. cxb3 axb3
21. a3 Rc8+ 22. Kb1 Rc2 23. Qe3 Qa8= 24. Ng3 Nf6 25. Qh6+ Kg8 26. Nf5
1-0

[Event "The Fourth Jerusalem Open"]
[Site "SchemingMind.com"]
[Date "2009.12.14"]
[Round "-"]
[White "An old friend"]
[Black "zolex88"]
[Result "1/2-1/2"]
[WhiteCountry "ENG"]
[BlackCountry "HUN"]
[WhiteElo "1926"]
[WhiteRD "82"]
[BlackElo "2002"]
[BlackRD "80"]
[GameID "230891"]

1. e4 e5 2. Nf3 Nc6 3. Bc4 Nf6 4. Ng5 d5 5. exd5 Na5 6. Bb5+ c6 7. dxc6 bxc6 8. Be2 h6 9. Nf3 e4 10. Ne5 Bd6
11. d4 exd3 12. Nxd3 Qc7 13. b3 O-O 14. Bb2 Re8 15. h3 Qe7 16. Nc3 Ne4 17. O-O Nxc3 18. Bxc3 Nxb3 19. axb3 Qxe2 20. Bd4 a5
21. Bb6 Ba6=
1/2-1/2

[Event "The Fourth Jerusalem Open"]
[Site "SchemingMind.com"]
[Date "2009.12.14"]
[Round "-"]
[White "An old friend"]
[Black "Frenchy"]
[Result "1-0"]
[WhiteCountry "ENG"]
[BlackCountry "CAN"]
[WhiteElo "1913"]
[WhiteRD "78"]
[BlackElo "1594"]
[BlackRD "59"]
[GameID "230892"]

1. e4 c5 2. Nc3 Nc6 3. g3 g6 4. Bg2 Bg7 5. d3 d6 6. Be3 e5 7. Qd2 Nge7 8. f4 O-O 9. Nf3 Nd4 10. O-O exf4
11. Bxf4 Nxf3+ 12. Rxf3 Qb6 13. Rb1
1-0

[Event "The Fourth Jerusalem Open"]
[Site "SchemingMind.com"]
[Date "2009.12.14"]
[Round "-"]
[White "Geomy"]
[Black "An old friend"]
[Result "1-0"]
[WhiteCountry "ENG"]
[BlackCountry "ENG"]
[WhiteElo "1821"]
[WhiteRD "90"]
[BlackElo "1896"]
[BlackRD "85"]
[GameID "230893"]

1. d4 Nf6 2. c4 e5 3. d5 Bc5 4. Nc3 d6 5. e3 c6 6. Nf3 O-O 7. Be2 cxd5 8. cxd5 a6 9. O-O Nbd7 10. a3 b5
11. e4 Qb6 12. h3 Bb7 13. Bd3 Rfe8 14. Qe2 Bd4 15. Bd2 Nc5 16. Bc2 Rac8 17. Rab1 Rc7 18. Rfc1 Bc8 19. Be1 Bd7 20. Rd1 Bxc3
21. Bxc3 a5 22. Bd2 b4 23. axb4 axb4 24. Be3 Qb5 25. Qxb5 Bxb5 26. Nd2 Rec8 27. f3 h6 28. Ra1 Be2 29. Re1 Bd3 30. Bxc5
1-0